LEADER 02213nam a2200397 u 4500 001 000000025576 003 CaOOAMICUS 005 20101011143353.0 008 951006m19241938fr u000 u fre u 035 $a10657909 040 $aMSA$bita$dEFR$dPUL(R) 041 1 $afre$agrc 082 04$a880 100 0 $aPlotinus,$d203/6-270.$0(OLS)http://pul/name/5766 240 10$aEnneades$9(Plotinus, 203/6-270).$lFrancese e greco.$0(OLS)http://pul/title/35226 245 10$aEnnéades /$cPlotin ; texte établi par Emile Bréhier. 260 $aParis :$bLes Belles Lettres,$c1924-1938. 300 $a6 v. in 7 ;$c21 cm 490 1 $aCollection des universités de France 500 $aTesto greco e trad. a fronte, con la stessa numerazione di pagine. 700 1 $aBréhier, Emile,$d1876-1952.$0(OLS)http://pul/name/9234 830 0$aCollection des universités de France.$0(OLS)http://pul/title/1172 850 $aPUL 852 $aPUL$W1$xSL Filosofia 2$y80$mPhil D1 8.1-6$j35743$nBK-PRI$b $qStampati altre collocazioni$B35743$CPULBib$Z2$F35743 $81 852 $aPUL$W1$xSL Filosofia 2$y80$mPhil D1 8.1-6$j35743$nBK-PRI$b $qStampati altre collocazioni$B35744$CPULBib$Z2$F35744 $81 852 $aPUL$W1$xSL Filosofia 2$y80$mPhil D1 8.1-6$j35743$nBK-PRI$b $qStampati altre collocazioni$B35745$CPULBib$Z2$F35745 $81 852 $aPUL$W1$xSL Filosofia 2$y80$mPhil D1 8.1-6$j35743$nBK-PRI$b $qStampati altre collocazioni$B35746$CPULBib$Z2$F35746 $81 852 $aPUL$W1$xSL Filosofia 2$y80$mPhil D1 8.1-6$j35743$nBK-PRI$b $qStampati altre collocazioni$B35747$CPULBib$Z2$F35747 $81 852 $aPUL$W1$xSL Filosofia 2$y80$mPhil D1 8.1-6$j35743$nBK-PRI$b $qStampati altre collocazioni$B35748$CPULBib$Z2$F35748 $81 852 $aPUL$W1$xSL Cons. Gen., Altre Classi 3$y75$m880 COLL 3.PLO.1.4$j141872$nBK-PRI$av. 4$qDDC 21$B35742$CPULBib$Z2$F35742 $H80638 $82 900 $aPlotino,$d203/6-270$95766 941 1 $a9 941 1 $a10 996 $6082$a880$9(OLS)http://pul/classification/674 996 $6245$aEnnéades$9(OLS)http://pul/title/35227 996 $6260$aParis :$bLes Belles Lettres$9(OLS)http://pul/publisher/48357 LEADER 01571nam a2200349 a 4500 001 000000121085 003 CaOOAMICUS 005 20110118125551.0 008 100408t2010 it u000 u ita r 020 $a978-88-6132-469-5 040 $aPUL$bita$dReb 082 $a348.45 110 1 $aItalia.$0(OLS)http://pul/name/1188 240 10$aCodice penale (2010).$0(OLS)http://pul/title/152276 245 10$aCodice penale e leggi complementari /$ca cura di Luigi Alibrandi. 250 $a20. ed. 260 $aPiacenza :$bLa Tribuna,$c©2010. 300 $a926 p. ;$c19 cm 490 1 $aCodici vigenti 2010 500 $aSulla coperta: Aggiornato con la normativa pubblicata sulla Gazzetta Ufficiale n. 279 del 30/11/2009. 500 $aTesto su due colonne. 630 04$aCodice penale$zItalia.$0(OLS)http://pul/subject/12325 700 1 $aAlibrandi, Luigi.$0(OLS)http://pul/name/45474 710 1 $aItalia.$tCodice penale.$0(OLS)http://pul/nameTitle/603$0(OLS)http://pul/name/1188$0(OLS)http://pul/title/135644 830 0$aCodici vigenti 2010.$0(OLS)http://pul/title/152271 850 $aPUL 852 $aPUL$W1$xDP2 Diritto e Scienze Sociali 3$y110$m348. 45 BCOLL 2.62$j138834$qDDC 21$B138074$CPULBib$Z2$F138074 $H112601 $82 941 1 $a9 996 $6020$a978-88-6132-469-5$9(OLS)http://pul/number/143765 996 $6082$a348.45$9(OLS)http://pul/classification/373 996 $6245$aCodice penale e leggi complementari$9(OLS)http://pul/title/145633 996 $6260$aPiacenza :$bLa Tribuna$9(OLS)http://pul/publisher/69734